Test Match Cricket Sprint - Statistics

General Stats
  • This quiz has been taken 13 times
  • The average score is 7 of 10
Answer Stats
Question Answer % Correct
Who captained the LEAST amount of test matches for England? A.Flintoff
100%
Who captained the MOST amount of test matches for his country? G.Smith
100%
Who has NOT taken 300 test match wickets for Australia? Jason Gillespie
100%
Which 21st century test opening partnership ended up setting a record (2nd highest) runs scored in partnership in test cricket history? J.Langer & M.Hayden
100%
Who has NOT opened for Australia in an ashes test match? Ed Cowan
75%
Pick the 11 man team that beat England 5-0 in the 2013/14 ashes series? Warner, Rogers, Watson, Clarke (c), Smith, Bailey, Haddin, Johnson, Siddle, Harris, Lyon
75%
Who had the highest test match batting average J.Kallis
50%
Correctly pick the top 4 RSA test match run scorers (IN ORDER) Kallis, Amla*, Smith, De Villiers
25%
From post Shane Warne to picking Nathan Lyon who took the most wickets as Australia's front line spin bowler? Nathan Hauritz
25%
Which group of players is NOT all played for the QLD Bulls at some point? Burns, Symonds, Maher, Bevan, Hartley, Bichel, Kasprowicz
0%
No matching quizzes found
Score Distribution
Percent of People with Each Score
Percentile by Number Answered
Your Score History
You have not taken this quiz